| 000 | 02633cam a22006614i 4500 | ||
|---|---|---|---|
| 003 | PE-LiUPU | ||
| 005 | 20250731170421.0 | ||
| 008 | 150623s1999 cl a rb 000 0 spa d | ||
| 020 | _a9561402122 | ||
| 020 | _a9789561402126 | ||
| 035 | _a(Sirsi) i9789561402126 | ||
| 040 |
_aPE-LiUPU _bspa _cPE-LiUPU _dPE-LiUPU _erda |
||
| 049 | _aPRUA | ||
| 082 | 0 | 4 |
_a152.3 _bH14 _221 |
| 100 | 1 |
_aHaeussler P. de A., Isabel Margarita, _eautor. |
|
| 245 | 1 | 0 |
_aTepsi : _btest de desarrollo psicomotor 2-5 años / _cIsabel Margarita Haeussler P. de A. |
| 264 | 1 |
_aSantiago, Chile : _bUniversidad Católica de Chile, _c1999. |
|
| 300 |
_a145 páginas : _bilustraciones ; _c27 centímetros. |
||
| 336 |
_atext _2rdacontent |
||
| 337 |
_aunmediated _2rdamedia |
||
| 338 |
_avolume _2rdacarrier |
||
| 490 | 0 | _aAprendizaje | |
| 504 | _aIncluye bibliografía. | ||
| 505 | 0 | _aDescripción del instrumento -- Estandarización del instrumento -- Propiedades estadísticas del instrumento -- Consideraciones generales sobre la administración, puntuación e interpretación del Test -- manual de administración -- Tablas de conversión de puntajes. | |
| 526 | _aSEG68 | ||
| 526 | _aSEG70 | ||
| 526 | _aSEG69 | ||
| 526 | _aSEG67 | ||
| 526 | _aSEG43 | ||
| 526 | _aP144 | ||
| 526 | _aP143 | ||
| 526 | _aP131 | ||
| 526 | _aP122 | ||
| 526 | _aP120 | ||
| 526 | _aP117 | ||
| 526 | _aP112 | ||
| 526 | _aP110 | ||
| 526 | _aP106 | ||
| 526 | _aP101 | ||
| 526 | _aP80 | ||
| 526 | _aP59 | ||
| 526 | _aP54 | ||
| 526 | _aP35 | ||
| 526 | _aP33 | ||
| 526 | _aP30 | ||
| 541 | _g001-0031617; | ||
| 650 | 0 | 4 | _aAptitud Motora en Niños. |
| 650 | 0 | 4 | _aPruebas de Psicomotricidad . |
| 700 | 1 |
_aMarchant O., Teresa, _eautor. |
|
| 942 |
_2ddc _cBOOK |
||
| 949 |
_a152.3 H14 _wDEWEY _c1 _i61875 _d2015-11-26 _e2015-11-26 _lCCODEBUL1 _mBUL _n6 _p11.00 _r0 _sY _tBOOK _u2015-6-24 _xSALUD _PP33 _0COMPRA _o.STAFF. Colección Ciencias de la Salud |
||
| 949 |
_a152.3 H14 _wDEWEY _c2 _i48769 _lCCODEBUL1 _mBUL _r0 _sY _tBOOK _u2015-6-24 _xEDUCACION _zUNKNOWN _0COMPRA _o.STAFF. Colección Ciencias de la Salud |
||
| 994 |
_aC0 _bPEPRU |
||
| 596 | _a1 | ||
| 999 |
_a152.3 H14 _wDEWEY _c27936 _i61875 _d27936 _e2018-11-13 _f2021-11-3 _g5 _lCCODEBUL1 _mBUL _n7 _p11.00 _q1 _r0 _sY _tBOOK _u2015-6-24 _xSALUD _zP33 _0COMPRA _o.STAFF. Colección Ciencias de la Salud |
||
| 999 |
_a152.3 H14 _wDEWEY _c2 _i48769 _f2021-11-3 _g5 _lCCODEBUL1 _mBUL _p11.00 _r0 _sY _tBOOK _u2015-6-24 _xSALUD _zUNKNOWN _0COMPRA _o.STAFF. Colección Ciencias de la Salud |
||
| 980 |
_81 _gALBERTO SANCHEZ Responsable de Automatización |
||